LEADER 01092nam 2200361 450 001 9910811143203321 010 $a3-8382-7023-1 035 $a(CKB)4100000008700013 035 $a(MiAaPQ)EBC5782833 035 $a(EXLCZ)994100000008700013 100 $a20190805d2018 uy 0 101 0 $ager 135 $aurcnu|||||||| 181 $ctxt$2rdacontent 182 $cc$2rdamedia 183 $acr$2rdacarrier 200 10$aSchicksalsjahre des Konservatismus $eKonservative Intellektuelle und die Tendenzwende in den 1970er Jahren /$fFlorian Finkbeiner 210 1$aStuttgart :$cIbidem-Verlag,$d[2018] 210 4$dİ2018 215 $a1 online resource (293 pages) 225 1 $aGo?ttinger junge Forschung ;$v30 410 0$aGo?ttinger junge Forschung ;$v30. 606 $aConservatism 615 0$aConservatism. 676 $a320.52 700 $aFinkbeiner$b Florian$0931107 801 0$bMiAaPQ 801 1$bMiAaPQ 801 2$bMiAaPQ 906 $aBOOK 912 $a9910811143203321 996 $aSchicksalsjahre des Konservatismus$94053174 997 $aUNINA